<?xml version="1.0" encoding="UTF-8"?><?xml-stylesheet type="text/xsl" href="static/style.xsl"?><OAI-PMH xmlns="http://www.openarchives.org/OAI/2.0/" xmlns:xsi="http://www.w3.org/2001/XMLSchema-instance" xsi:schemaLocation="http://www.openarchives.org/OAI/2.0/ http://www.openarchives.org/OAI/2.0/OAI-PMH.xsd"><responseDate>2026-04-17T18:58:08Z</responseDate><request verb="GetRecord" identifier="oai:www.recercat.cat:20.500.12327/4778" metadataPrefix="marc">https://recercat.cat/oai/request</request><GetRecord><record><header><identifier>oai:recercat.cat:20.500.12327/4778</identifier><datestamp>2025-10-22T11:03:01Z</datestamp><setSpec>com_2072_4428</setSpec><setSpec>com_2072_4427</setSpec><setSpec>col_2072_487898</setSpec></header><metadata><record xmlns="http://www.loc.gov/MARC21/slim" xmlns:dcterms="http://purl.org/dc/terms/" xmlns:xsi="http://www.w3.org/2001/XMLSchema-instance" xmlns:doc="http://www.lyncode.com/xoai" xsi:schemaLocation="http://www.loc.gov/MARC21/slim http://www.loc.gov/standards/marcxml/schema/MARC21slim.xsd">
   <leader>00925njm 22002777a 4500</leader>
   <datafield ind2=" " ind1=" " tag="042">
      <subfield code="a">dc</subfield>
   </datafield>
   <datafield ind2=" " ind1=" " tag="720">
      <subfield code="a">Viñas, Marc</subfield>
      <subfield code="e">author</subfield>
   </datafield>
   <datafield ind2=" " ind1=" " tag="720">
      <subfield code="a">Marull, Joan</subfield>
      <subfield code="e">author</subfield>
   </datafield>
   <datafield ind2=" " ind1=" " tag="720">
      <subfield code="a">Guivernau, Miriam</subfield>
      <subfield code="e">author</subfield>
   </datafield>
   <datafield ind2=" " ind1=" " tag="720">
      <subfield code="a">Tello, Enric</subfield>
      <subfield code="e">author</subfield>
   </datafield>
   <datafield ind2=" " ind1=" " tag="720">
      <subfield code="a">Lucas, Yolanda</subfield>
      <subfield code="e">author</subfield>
   </datafield>
   <datafield ind2=" " ind1=" " tag="720">
      <subfield code="a">Carreras-Sempere, Mar</subfield>
      <subfield code="e">author</subfield>
   </datafield>
   <datafield ind2=" " ind1=" " tag="720">
      <subfield code="a">Giol-Casanova, Xavier</subfield>
      <subfield code="e">author</subfield>
   </datafield>
   <datafield ind2=" " ind1=" " tag="720">
      <subfield code="a">Funes, Inmaculada</subfield>
      <subfield code="e">author</subfield>
   </datafield>
   <datafield ind2=" " ind1=" " tag="720">
      <subfield code="a">Sánchez, Elisenda</subfield>
      <subfield code="e">author</subfield>
   </datafield>
   <datafield ind2=" " ind1=" " tag="720">
      <subfield code="a">Savé, Robert</subfield>
      <subfield code="e">author</subfield>
   </datafield>
   <datafield ind2=" " ind1=" " tag="720">
      <subfield code="a">de Herralde, Felicidad</subfield>
      <subfield code="e">author</subfield>
   </datafield>
   <datafield ind2=" " ind1=" " tag="260">
      <subfield code="c">2025-08-20</subfield>
   </datafield>
   <datafield ind2=" " ind1=" " tag="520">
      <subfield code="a">The impact of long-term organic (ECO) versus conventional (CON) agricultural management on subsurface soil microbiota diversity and soil physicochemical properties remains unclear in Mediterranean vineyards. This study evaluated long-term ECO and CON effects in the Alt Penedès terroir (Spain), focusing on subsurface soil microbial diversity and soil characteristics. ECO increased the fungal-to-bacterial ratio and ammonium-oxidizing bacteria but reduced total subsurface soil bacterial populations and soil organic carbon. While ECO did not enhance annual yield production in the vineyard, fungal abundance, and ammonium-oxidizing archaea, it slightly increased the overall alpha diversity (Shannon and Inverse Simpson indexes) and significantly altered taxa composition in subsurface soil with a more robust and modular community. Crop management, soil texture, training system, and rootstock, but not vine variety, significantly influenced beta diversity in subsurface soil. The Mantel test revealed subsurface soil texture, Ca2+/Mg2+ ratio, and salinity as the main key soil drivers shifting the microbial community (beta diversity), while C/N and topsoil organic matter significantly correlated with bacterial abundance; NH4+ correlated with fungal abundance; and N-Kjeldahl, pH, and Mg2+/K+ correlated with alpha diversity. Integrating soil microbiota and physicochemical monitoring allowed us to confirm the positive effect of long-term agroecological practices on subsurface soil health and to identify the critical factors shaping their microbial communities in Mediterranean vineyards.</subfield>
   </datafield>
   <datafield ind1="8" ind2=" " tag="024">
      <subfield code="a">Viñas, Marc, Joan Marull, Miriam Guivernau, Enric Tello, Yolanda Lucas, Mar Carreras-Sempere, Xavier Giol-Casanova, et al. 2025. “Impact of Organic and Conventional Agricultural Management on Subsurface Soil Microbiota in Mediterranean Vineyards.” Agronomy 15 (8): 2001. doi:10.3390/agronomy15082001.</subfield>
   </datafield>
   <datafield ind1="8" ind2=" " tag="024">
      <subfield code="a">2073-4395</subfield>
   </datafield>
   <datafield ind1="8" ind2=" " tag="024">
      <subfield code="a">http://hdl.handle.net/20.500.12327/4778</subfield>
   </datafield>
   <datafield ind1="8" ind2=" " tag="024">
      <subfield code="a">https://doi.org/10.3390/agronomy15082001</subfield>
   </datafield>
   <datafield ind2="0" ind1="0" tag="245">
      <subfield code="a">Impact of Organic and Conventional Agricultural Management on Subsurface Soil Microbiota in Mediterranean Vineyards</subfield>
   </datafield>
</record></metadata></record></GetRecord></OAI-PMH>